Ōsaka-shi shakai shisetsu gaiyō.

Saved in:
Bibliographic Details
Corporate Author: Osaka (Japan)
Format: Book
Language:Japanese
Published: [Ōsaka] : Ōsaka Shiyakusho, Taishō 10 [1921]
Subjects:
Tags: Add Tag
No Tags, Be the first to tag this record!
LEADER 00647nam a2200205ui 4500
001 007767775-7
005 20024617122053.0
008 980417s1921 ja a l000 0 jpn d
035 0 |a ocm38968852 
040 |a *YNH*  |c *YNH*  |d CStRLIN 
110 1 |a Osaka (Japan) 
245 1 0 |6 880-01  |a Ōsaka-shi shakai shisetsu gaiyō. 
260 |6 880-02  |a [Ōsaka] :  |b Ōsaka Shiyakusho,  |c Taishō 10 [1921] 
300 |a 4, 156 p. :  |b ill. ;  |c 23 cm. 
500 |a Cover title. 
650 0 |a Public welfare  |z Japan  |z Osaka. 
880 1 0 |6 245-01  |a 大阪市社會施設概要. 
880 |6 260-02  |a [大阪] :  |b 大阪市役所,  |c 大正10 [1921] 
988 |a 20021221 
906 |0 MH